| 000 | 00433nam a2200181Ia 4500 | ||
|---|---|---|---|
| 003 | OSt | ||
| 005 | 20221214142222.0 | ||
| 008 | 210210b1925 xxu||||| |||| 00| 0 eng d | ||
| 040 | _cAL | ||
| 041 | _aeng | ||
| 082 | _a823/92 | ||
| 100 |
_aSHAKESPEARE (William) _965952 |
||
| 245 | _aKing Henry IV part 1 | ||
| 260 |
_aLondon _bMacmillan & Co. Ltd. _c1925 |
||
| 690 |
_aEnglish Drama _965953 |
||
| 906 | _a013644 | ||
| 942 |
_2ddc _cBK |
||
| 999 |
_c132656 _d132656 |
||